000 00434pab a2200181 454500
008 180718b2012 xxu||||| |||| 00| 0 eng d
100 _aWilcox, Paula
245 _aIs parent abuse a form of domestic violence?
260 _c2012
300 _ap.277-288.
362 _aApr
650 _aParents
650 _aDomestic violence
650 _aChild abuse
773 _aSocial Policy and Society
908 _aN
909 _a97244
999 _c97244
_d97244